Gradostroitel´naja kul´tura socialističeskoj Čechoslovakii.

Uložené v:
Podrobná bibliografia
Hlavný autor: Švidkovskij, Oleg Aleksandrovič, 1925-1990 (Author)
Médium: Kniha
Jazyk:Russian
Vydané: Moskva : Izdatel´stvo Akademii nauk SSSR, 1963.
Fyzický popis: 389 strán.
Tagy: Pridať tag
Žiadne tagy, Buďte prvý kto otaguje tento záznam!

MARC

LEADER 00000nam a22000002i 4500
001 000681663
005 20220530135254.0
008 220530s1963 ru e 000 0 rus d
020 |c Kčs 50,00  |q (viazané) 
040 |a SVKKK  |b slo  |c SVKKK  |e rda 
100 1 |a Švidkovskij, Oleg Aleksandrovič,  |d 1925-1990  |4 aut 
245 1 0 |a Gradostroitel´naja kul´tura socialističeskoj Čechoslovakii. 
264 1 |a Moskva :  |b Izdatel´stvo Akademii nauk SSSR,  |c 1963. 
300 |a 389 strán. 
336 |a text  |b txt  |2 rdacontent 
337 |a bez média  |b n  |2 rdamedia 
338 |a zväzok  |b nc  |2 rdacarrier 
500 |a Záznam revízie 
910 |a svkkk 
998 |a BK 
090 |g SCKHL  |k Sklad Pribinova 3. posch.  |a V.41224  |j 347468  |i 2721106371  |4 Duplikát  |s Návrh na vyradenie 
090 |g SCKHL  |k Sklad Pribinova 3. posch.  |a V0.3307  |j 018971  |i 2720846624  |s Absenčne